[Event "MTO-2021"]
[Site "?"]
[Date "2021.??.??"]
[Round "8.124"]
[White "Schweizer Simon"]
[Black "Stelmaszyk Nico"]
[Result "0-1"]
[WhiteElo "2142"]
[BlackElo "2296"]
[PlyCount "124"]
[EventDate "2021.??.??"]
[WhiteTeam "Japan"]
[BlackTeam "Deutschland"]
[WhiteTeamCountry "JPN"]
[BlackTeamCountry "GER"]

1. e4 c5 2. Nf3 e6 3. d4 cxd4 4. Nxd4 Nc6 5. Nc3 Nf6 6. Be2 Bb4 7. O-O Bxc3 8.
bxc3 Nxe4 9. Qd3 d5 10. Ba3 Qa5 11. Nb5 Ne7 12. Bb4 Qb6 13. Kh1 Bd7 14. f3 Nc5
15. Qd4 Rc8 16. a4 Nf5 17. Qf2 a5 18. g4 axb4 19. gxf5 bxc3 20. a5 Qc6 21. Na7
Qd6 22. Nxc8 Bxc8 23. Rg1 O-O 24. Rab1 d4 25. f6 g6 26. Qh4 Nd7 27. Rb5 e5 28.
Bd3 Re8 29. Be4 Re6 30. Rd5 Qc7 31. Bf5 Nxf6 32. Bxe6 Bxe6 33. Rxd4 exd4 34.
Qxf6 Qxa5 35. Qxd4 Qf5 36. Qxc3 Bd5 37. Kg2 Qg4+ 38. Kf2 Qh4+ 39. Ke3 Qh6+ 40.
Kd3 Qf4 41. Qd4 Qxd4+ 42. Kxd4 Bxf3 43. Rf1 Bc6 44. Ke5 Kg7 45. Rf6 Bb5 46. Rf4
f5 47. Ke6 Bc6 48. Rd4 Be4 49. c3 g5 50. Ke5 h5 51. Rd6 g4 52. Kf4 h4 53. Rd7+
Kf6 54. Rd6+ Ke7 55. Rh6 h3 56. Ke5 Kd7 57. c4 b6 58. Kf4 Kc7 59. Ke3 Bb1 60.
Rf6 Bc2 61. Kd2 Be4 62. Ke3 g3 0-1

[Event "MTO-2021"]
[Site "?"]
[Date "2021.??.??"]
[Round "8.125"]
[White "Sultan Ibrahim"]
[Black "Löffler Markus"]
[Result "1/2-1/2"]
[WhiteElo "2076"]
[BlackElo "2295"]
[PlyCount "110"]
[EventDate "2021.??.??"]
[WhiteTeam "Vereinigte Arabische Emirate"]
[BlackTeam "Deutschland"]
[WhiteTeamCountry "UAE"]
[BlackTeamCountry "GER"]

1. d4 Nf6 2. c4 g6 3. Nc3 d5 4. cxd5 Nxd5 5. e4 Nxc3 6. bxc3 Bg7 7. Bc4 c5 8.
Ne2 Nc6 9. Be3 O-O 10. O-O b6 11. Qd2 Bb7 12. Rac1 e6 13. f3 Rc8 14. h4 cxd4
15. cxd4 Qd7 16. h5 Rfd8 17. Rfd1 Na5 18. Bd3 Rxc1 19. Rxc1 Nc6 20. Bb5 a6 21.
Bxc6 Bxc6 22. h6 Bf8 23. Bg5 Rc8 24. Qf4 f5 25. Bf6 Qf7 26. e5 Qd7 27. Qg5 Bb7
28. Rxc8 Bxc8 29. Nf4 Qf7 30. Kh2 b5 31. Nh5 Bd7 32. Bd8 Bc6 33. Nf6+ Kh8 34.
Qc1 Bb7 35. a3 g5 36. Qxg5 Qg6 37. Qc1 Qxh6+ 38. Qxh6 Bxh6 39. Be7 Kg7 40. Bc5
Bd2 41. Kg3 Be1+ 42. Kf4 Bd2+ 43. Kg3 Be1+ 44. Kf4 a5 45. Ke3 b4 46. axb4 axb4
47. Ke2 Bc3 48. Kd3 Ba6+ 49. Kc2 Bc4 50. Nh5+ Kg6 51. Nf4+ Kg5 52. g3 h5 53.
Be7+ Kh6 54. Bf8+ Kh7 55. Bc5 Kh6 1/2-1/2

[Event "MTO-2021"]
[Site "?"]
[Date "2021.??.??"]
[Round "8.126"]
[White "Al Hosani Omran"]
[Black "Gomez Barrera Javiera Belen"]
[Result "1-0"]
[WhiteElo "2197"]
[BlackElo "2083"]
[PlyCount "73"]
[EventDate "2021.??.??"]
[WhiteTeam "Vereinigte Arabische Emirate"]
[BlackTeam "Chile"]
[WhiteTeamCountry "UAE"]
[BlackTeamCountry "CHI"]

1. d4 Nf6 2. c4 g6 3. Nc3 Bg7 4. e4 d6 5. h3 O-O 6. Be3 Nc6 7. d5 Ne5 8. f4
Ned7 9. g4 e6 10. dxe6 fxe6 11. Bg2 Nb6 12. Qe2 Nfd7 13. Nf3 Bh6 14. g5 Bg7 15.
O-O-O Qe7 16. Bd2 Qf7 17. e5 dxe5 18. fxe5 Qf5 19. Rhf1 Nc5 20. Be3 Ne4 21.
Nxe4 Qxe4 22. Rd4 Qc6 23. Nh2 Qe8 24. Rxf8+ Qxf8 25. Qd2 Bd7 26. Ng4 Bc6 27.
Bxc6 bxc6 28. Rf4 Qd8 29. Qg2 Qd3 30. Rd4 Qf5 31. Qxc6 Qf1+ 32. Kd2 Rf8 33.
Qxe6+ Kh8 34. c5 Qg2+ 35. Kc3 Nc8 36. Rf4 Rd8 37. Nh6 1-0

[Event "MTO-2021"]
[Site "?"]
[Date "2021.??.??"]
[Round "8.127"]
[White "Mayrhuber Nikola"]
[Black "Gueci Tea"]
[Result "1/2-1/2"]
[WhiteElo "2062"]
[BlackElo "2179"]
[PlyCount "54"]
[EventDate "2021.??.??"]
[WhiteTeam "Österreich"]
[BlackTeam "Italien"]
[WhiteTeamCountry "AUT"]
[BlackTeamCountry "ITA"]

1. d4 d5 2. c4 e6 3. Nc3 a6 4. Nf3 dxc4 5. a4 Nc6 6. e3 Na5 7. Nd2 Nf6 8. Nxc4
Nxc4 9. Bxc4 Bb4 10. O-O O-O 11. Qd3 c5 12. Na2 b5 13. axb5 axb5 14. Bxb5 Bb7
15. f3 Ra5 16. Bc4 Qa8 17. e4 cxd4 18. Qb3 Be7 19. Bd2 Ra7 20. Rac1 Nd7 21. Nb4
Nc5 22. Qd1 Rc8 23. Nd3 Na4 24. Bb5 Bc6 25. Bxc6 Rxc6 26. Rxc6 Qxc6 27. Qc1 Qa6
1/2-1/2

[Event "MTO-2021"]
[Site "?"]
[Date "2021.??.??"]
[Round "8.128"]
[White "Manukonda Arun"]
[Black "Fecker Noah"]
[Result "1/2-1/2"]
[WhiteElo "2033"]
[BlackElo "2309"]
[PlyCount "35"]
[EventDate "2021.??.??"]
[WhiteTeam "Indien"]
[BlackTeam "Schweiz"]
[WhiteTeamCountry "IND"]
[BlackTeamCountry "SUI"]

1. d4 Nf6 2. c4 g6 3. Nc3 d5 4. cxd5 Nxd5 5. e4 Nxc3 6. bxc3 Bg7 7. Bc4 c5 8.
Be3 Nc6 9. Ne2 O-O 10. h4 Na5 11. Bd3 h5 12. Qd2 Nc6 13. Bc4 Na5 14. Bd3 Nc6
15. Bc4 Na5 16. Bd3 Nc6 17. Bc4 Na5 18. Bd3 1/2-1/2

[Event "MTO-2021"]
[Site "?"]
[Date "2021.??.??"]
[Round "8.129"]
[White "Dornieden Jonas"]
[Black "Ammar Sedrani"]
[Result "1-0"]
[WhiteElo "2001"]
[BlackElo "2274"]
[PlyCount "51"]
[EventDate "2021.??.??"]
[WhiteTeam "Schweiz"]
[BlackTeam "Vereinigte Arabische Emirate"]
[WhiteTeamCountry "SUI"]
[BlackTeamCountry "UAE"]

1. d4 d5 2. c4 c6 3. Nc3 Nf6 4. Nf3 Bf5 5. cxd5 cxd5 6. Bf4 Nc6 7. a3 e6 8. e3
Bd6 9. Bxd6 Qxd6 10. Bd3 Bg4 11. Be2 Ne4 12. Nxe4 dxe4 13. Nd2 Bxe2 14. Qxe2 f5
15. Rc1 O-O 16. Qb5 Rf7 17. Nc4 Qd8 18. Ne5 Rc8 19. Nxf7 Kxf7 20. O-O Rc7 21.
Rfd1 Ne7 22. Rxc7 Qxc7 23. Qc5 Qd8 24. Qxa7 h5 25. Qxb7 h4 26. Rc1 1-0

[Event "MTO-2021"]
[Site "?"]
[Date "2021.??.??"]
[Round "8.130"]
[White "Küng Nicolas"]
[Black "Pahud Cédric"]
[Result "1-0"]
[WhiteElo "2005"]
[BlackElo "2200"]
[PlyCount "83"]
[EventDate "2021.??.??"]
[WhiteTeam "Schweiz"]
[BlackTeam "Schweiz"]
[WhiteTeamCountry "SUI"]
[BlackTeamCountry "SUI"]

1. e4 c5 2. Nf3 g6 3. c4 Nc6 4. d4 cxd4 5. Nxd4 Nf6 6. Nc3 d6 7. f3 Nxd4 8.
Qxd4 Bg7 9. Be3 O-O 10. Qd2 Qa5 11. Rc1 Be6 12. b3 Rfc8 13. Bd3 Nd7 14. O-O a6
15. f4 f5 16. exf5 gxf5 17. Rfe1 b5 18. Nd5 Qxd2 19. Bxd2 Kf7 20. Rxe6 Kxe6 21.
Re1+ Be5 22. fxe5 dxe5 23. Bb4 Rab8 24. Nxe7 bxc4 25. Bxf5+ Kf7 26. Nxc8 cxb3
27. axb3 Rxb4 28. Bxd7 Rxb3 29. Rxe5 Rd3 30. Bg4 Rc3 31. Nd6+ Kg7 32. h4 Rd3
33. Nf5+ Kf6 34. Ra5 h5 35. Bxh5 Rb3 36. Bf3 Kg6 37. h5+ Kf6 38. h6 Kg6 39. Kh2
Kh7 40. Rxa6 Rc3 41. Ra7+ Kh8 42. Nh4 1-0

[Event "MTO-2021"]
[Site "?"]
[Date "2021.??.??"]
[Round "8.131"]
[White "Salzgeber Frank"]
[Black "Paladini Jean-Michel"]
[Result "1-0"]
[WhiteElo "2183"]
[BlackElo "2084"]
[PlyCount "123"]
[EventDate "2021.??.??"]
[WhiteTeam "Schweiz"]
[BlackTeam "Schweiz"]
[WhiteTeamCountry "SUI"]
[BlackTeamCountry "SUI"]

1. d4 d5 2. c4 e6 3. Nc3 Nf6 4. cxd5 exd5 5. Bg5 Be7 6. e3 O-O 7. Bd3 c6 8. Qc2
Nbd7 9. h3 Re8 10. Nf3 Nf8 11. O-O h6 12. Bf4 Bd6 13. Bxd6 Qxd6 14. Rfc1 Be6
15. Rab1 N8d7 16. Na4 Ne4 17. b4 Ndf6 18. Ne5 Rac8 19. Nc5 Qe7 20. a4 Nd6 21.
Qa2 Nfe4 22. Qc2 Qg5 23. Bxe4 dxe4 24. Nxe6 Rxe6 25. Qa2 Rce8 26. Rc5 Qh4 27.
b5 cxb5 28. axb5 Kh7 29. Rc7 Qd8 30. Rbc1 Nxb5 31. Rxb7 a6 32. Nxf7 Qa8 33. Rd7
Rc6 34. Rxc6 Qxc6 35. Qd5 Qxd5 36. Rxd5 Ra8 37. Rc5 Ra7 38. Ne5 Nd6 39. Ra5 Nb7
40. Ra4 a5 41. f3 exf3 42. gxf3 Kg8 43. Kf2 Kf8 44. e4 Ke8 45. Ke3 Ra6 46. Kd3
g5 47. Kc4 Rb6 48. d5 Rb1 49. Nc6 Rh1 50. Nxa5 Nxa5+ 51. Rxa5 Rxh3 52. d6 Rxf3
53. Kd5 Kf7 54. Ra7+ Kg6 55. Ke5 g4 56. d7 Rf8 57. Ra6+ Kg7 58. Rd6 Rd8 59. Ke6
Kf8 60. Rc6 g3 61. Rc8 g2 62. Kf6 1-0

[Event "MTO-2021"]
[Site "?"]
[Date "2021.??.??"]
[Round "8.132"]
[White "Kamber Bruno"]
[Black "Ermitsch Magnus"]
[Result "1/2-1/2"]
[WhiteElo "2275"]
[BlackElo "2039"]
[PlyCount "96"]
[EventDate "2021.??.??"]
[WhiteTeam "Schweiz"]
[BlackTeam "Deutschland"]
[WhiteTeamCountry "SUI"]
[BlackTeamCountry "GER"]

1. e4 c5 2. Nf3 e6 3. b3 b6 4. d4 cxd4 5. Nxd4 Bb7 6. Nb5 a6 7. Nd6+ Bxd6 8.
Qxd6 Bxe4 9. Ba3 Nf6 10. Nd2 Bd5 11. h4 Nc6 12. c4 Be4 13. f3 Bg6 14. g4 h6 15.
h5 Bc2 16. Rc1 Bh7 17. g5 hxg5 18. h6 g6 19. Bd3 Qb8 20. c5 Qxd6 21. cxd6 O-O
22. Rg1 g4 23. Bb2 e5 24. fxg4 g5 25. Bf5 Nb4 26. Rc4 Bxf5 27. Rxb4 Nxg4 28.
Rbxg4 Bxg4 29. Rxg4 f6 30. Nc4 b5 31. Nb6 Rad8 32. a4 Rf7 33. Rg2 Kh7 34. Rh2
g4 35. Bc1 Rb8 36. a5 g3 37. Rc2 f5 38. Rc7 Rd8 39. Bg5 Rg8 40. Nxd7 Rxg5 41.
Kf1 Rxd7 42. Rxd7+ Kxh6 43. Rd8 Rg7 44. Re8 e4 45. Re7 Rg8 46. Kg2 f4 47. Rxe4
Rd8 48. Rxf4 Rxd6 1/2-1/2

[Event "MTO-2021"]
[Site "?"]
[Date "2021.??.??"]
[Round "8.133"]
[White "Ohler Julius"]
[Black "Zimmermann Luc"]
[Result "1/2-1/2"]
[WhiteElo "2014"]
[BlackElo "2151"]
[PlyCount "35"]
[EventDate "2021.??.??"]
[WhiteTeam "Deutschland"]
[BlackTeam "Niederlande"]
[WhiteTeamCountry "GER"]
[BlackTeamCountry "NED"]

1. d4 Nf6 2. c4 g6 3. Nc3 d5 4. cxd5 Nxd5 5. e4 Nxc3 6. bxc3 Bg7 7. Nf3 c5 8.
Be3 Bg4 9. Bb5+ Nc6 10. O-O cxd4 11. cxd4 O-O 12. Bxc6 bxc6 13. Rc1 Bxf3 14.
Qxf3 Bxd4 15. Rfd1 e5 16. Bh6 Re8 17. Rxc6 Qh4 18. Be3 1/2-1/2

[Event "MTO-2021"]
[Site "?"]
[Date "2021.??.??"]
[Round "8.134"]
[White "Borner Daniel"]
[Black "Heer Stephan"]
[Result "0-1"]
[WhiteElo "2133"]
[BlackElo "2063"]
[PlyCount "76"]
[EventDate "2021.??.??"]
[WhiteTeam "Schweiz"]
[BlackTeam "Schweiz"]
[WhiteTeamCountry "SUI"]
[BlackTeamCountry "SUI"]

1. e4 g6 2. d4 Bg7 3. Nc3 d6 4. Be3 a6 5. Qd2 b5 6. h4 Nf6 7. f3 Nbd7 8. g4 h5
9. g5 Ng8 10. O-O-O e6 11. Nce2 Ne7 12. Ng3 d5 13. e5 c5 14. f4 c4 15. Nf3 Nc6
16. c3 a5 17. Qc2 b4 18. Kd2 Ba6 19. Ke1 Qb6 20. Kf2 b3 21. Qb1 bxa2 22. Qxa2
Rb8 23. Rd2 Qb3 24. Qa1 Qb7 25. Bh3 Qc7 26. Qd1 Rb3 27. Ng1 a4 28. Rc2 Qb6 29.
Qe2 Qa5 30. Bd2 Qb6 31. Be3 Nb4 32. cxb4 c3 33. b5 Bxb5 34. Qf3 cxb2 35. N1e2
Bxe2 36. Rxe2 a3 37. f5 a2 38. f6 Bxf6 0-1

[Event "MTO-2021"]
[Site "?"]
[Date "2021.??.??"]
[Round "8.135"]
[White "Schmid Christoph"]
[Black "Giacomini Hector"]
[Result "1/2-1/2"]
[WhiteElo "2091"]
[BlackElo "2104"]
[PlyCount "57"]
[EventDate "2021.??.??"]
[WhiteTeam "Schweiz"]
[BlackTeam "Frankreich"]
[WhiteTeamCountry "SUI"]
[BlackTeamCountry "FRA"]

1. d4 d5 2. c4 e6 3. Nc3 Nf6 4. Bg5 Be7 5. Nf3 O-O 6. e3 Nbd7 7. Qc2 c6 8. a3
b6 9. cxd5 cxd5 10. Bd3 Bb7 11. O-O Rc8 12. Bf4 Ne4 13. h3 h6 14. Rfc1 Nxc3 15.
bxc3 Nb8 16. Ne5 Nc6 17. Nxc6 Rxc6 18. Bb5 Rc8 19. Qb3 Bd6 20. Bxd6 Qxd6 21.
Qb4 Rfd8 22. a4 Qxb4 23. cxb4 Rxc1+ 24. Rxc1 Rc8 25. Rxc8+ Bxc8 26. a5 Kf8 27.
axb6 axb6 28. Kf1 Ke7 29. Ke2 1/2-1/2

[Event "MTO-2021"]
[Site "?"]
[Date "2021.??.??"]
[Round "8.103"]
[White "R Praggnanandhaa"]
[Black "Salem Saleh"]
[Result "0-1"]
[WhiteElo "2608"]
[BlackElo "2682"]
[PlyCount "70"]
[EventDate "2021.??.??"]
[WhiteTeam "Indien"]
[BlackTeam "Vereinigte Arabische Emirate"]
[WhiteTeamCountry "IND"]
[BlackTeamCountry "UAE"]

1. e4 c6 2. d4 d5 3. e5 Bf5 4. h4 h5 5. c4 e6 6. Nc3 dxc4 7. Bxc4 Nd7 8. Nge2
Be7 9. Ng3 Bg6 10. Be2 Qb6 11. Be3 Rd8 12. Qc1 c5 13. Nb5 Qa5+ 14. b4 Qxb4+ 15.
Bd2 Qa4 16. Qb2 cxd4 17. Nxd4 Nc5 18. Nb5 Nd3+ 19. Bxd3 Bxd3 20. Nd6+ Bxd6 21.
exd6 Nf6 22. Qe5 O-O 23. f3 Rc8 24. Kf2 Rc2 25. Rhd1 Qxh4 26. Rac1 Rfc8 27.
Rxc2 Rxc2 28. Kg1 Nd7 29. Bg5 Qa4 30. Qe1 Bg6 31. Rd2 Qxa2 32. Rxc2 Qxc2 33.
Qa5 Qd1+ 34. Kh2 Qxd6 35. Qxa7 f6 0-1

[Event "MTO-2021"]
[Site "?"]
[Date "2021.??.??"]
[Round "8.122"]
[White "Noaman Omar"]
[Black "Eric Jovana"]
[Result "0-1"]
[WhiteElo "2367"]
[BlackElo "2250"]
[PlyCount "80"]
[EventDate "2021.??.??"]
[WhiteTeam "Vereinigte Arabische Emirate"]
[BlackTeam "Serbien"]
[WhiteTeamCountry "UAE"]
[BlackTeamCountry "SRB"]

1. d4 d5 2. c4 c6 3. cxd5 cxd5 4. Nc3 Nf6 5. Bf4 e6 6. e3 Nc6 7. Bd3 Be7 8. h3
Bd7 9. Nf3 Qa5 10. O-O O-O 11. a3 Rfc8 12. b4 Qd8 13. Na4 Be8 14. Qb3 Bd6 15.
Bxd6 Qxd6 16. Rfc1 Rc7 17. Rc2 Rac8 18. Rac1 g6 19. Nc3 Ne7 20. Nb5 Bxb5 21.
Bxb5 Kg7 22. Bd3 Rxc2 23. Rxc2 Nd7 24. Rxc8 Nxc8 25. Qc3 Ncb6 26. Nd2 Nf6 27.
Nb3 Ne8 28. Qc5 Qd8 29. a4 Nxa4 30. Qxa7 Nb2 31. Be2 Nd6 32. Nc5 Nbc4 33. Bxc4
dxc4 34. Qa1 b6 35. Na4 Qa8 36. d5+ f6 37. dxe6 b5 38. Qd4 Qxa4 39. Qxd6 Qa1+
40. Kh2 Qe5+ 0-1

[Event "MTO-2021"]
[Site "?"]
[Date "2021.??.??"]
[Round "9.103"]
[White "Sethuraman S.P."]
[Black "Erdos Viktor"]
[Result "0-1"]
[WhiteElo "2644"]
[BlackElo "2614"]
[PlyCount "152"]
[EventDate "2021.??.??"]
[WhiteTeam "Indien"]
[BlackTeam "Ungarn"]
[WhiteTeamCountry "IND"]
[BlackTeamCountry "HUN"]

1. e4 e5 2. Nf3 Nc6 3. Bb5 a6 4. Ba4 Nf6 5. O-O b5 6. Bb3 Bc5 7. a4 Rb8 8. c3
d6 9. d4 Bb6 10. a5 Ba7 11. h3 O-O 12. Be3 Nxe4 13. Bd5 exd4 14. Bxc6 dxe3 15.
Bxe4 Re8 16. Qd3 exf2+ 17. Kh1 Qf6 18. Nd4 c5 19. Nc6 c4 20. Qf3 Rxe4 21. Qxe4
Bb7 22. Nd2 d5 23. Ne7+ Kf8 24. Nxd5 Qd6 25. Qxh7 Bxd5 26. Rad1 Qf4 27. Qh5 Bc6
28. Nf3 Bxf3 29. Qxf3 Qxf3 30. gxf3 Ke7 31. Kg2 Rh8 32. Rd5 Rh6 33. Rfd1 Rg6+
34. Kf1 Rg1+ 35. Ke2 Ke6 36. Rd6+ Ke7 37. Rd7+ Ke6 38. R7d6+ Ke7 39. Rd7+ Ke6
40. Rd8 Ke7 41. R8d2 g5 42. Rf1 f6 43. Rd5 Be3 44. Rfd1 Ba7 45. R5d2 Bc5 46.
Rf1 Ba7 47. Rd5 Be3 48. h4 gxh4 49. Rh5 Rxf1 50. Kxf1 Kd6 51. f4 Bxf4 52. Rf5
Be5 53. Kxf2 h3 54. Rh5 h2 55. Kg2 Kc5 56. Rh8 b4 57. Rc8+ Kb5 58. cxb4 Kxb4
59. Rc6 Kb5 60. Rc8 Kxa5 61. Rxc4 Bxb2 62. Kxh2 Kb5 63. Rc8 Be5+ 64. Kg2 a5 65.
Kf3 a4 66. Ra8 Kb4 67. Ra7 a3 68. Ke4 Kb3 69. Rb7+ Kc2 70. Ra7 Bb2 71. Kf5 Kb3
72. Rb7+ Ka2 73. Ra7 Bd4 74. Rd7 Be5 75. Ke4 Kb1 76. Rb7+ Bb2 0-1

[Event "MTO-2021"]
[Site "?"]
[Date "2021.??.??"]
[Round "9.104"]
[White "Banusz Tamas"]
[Black "Sadhwani Raunak"]
[Result "1-0"]
[WhiteElo "2631"]
[BlackElo "2555"]
[PlyCount "79"]
[EventDate "2021.??.??"]
[WhiteTeam "Ungarn"]
[BlackTeam "Indien"]
[WhiteTeamCountry "HUN"]
[BlackTeamCountry "IND"]

1. Nf3 d5 2. g3 g6 3. Bg2 Bg7 4. d4 Nf6 5. O-O O-O 6. c4 dxc4 7. Na3 c5 8. dxc5
c3 9. Nb5 Na6 10. Nxc3 Nxc5 11. Be3 Nfe4 12. Nxe4 Nxe4 13. Bd4 Bf5 14. e3 Re8
15. Nh4 e5 16. Nxf5 gxf5 17. Bc3 Nxc3 18. bxc3 e4 19. Rb1 b6 20. Rb5 Qxd1 21.
Rxd1 Rad8 22. Rxd8 Rxd8 23. Rxf5 Rd1+ 24. Bf1 Bxc3 25. Kg2 Rd7 26. Rf4 Re7 27.
Bc4 Kg7 28. Bd5 Rd7 29. Bxe4 Rd2 30. a4 h6 31. Bb7 Rb2 32. Bd5 f6 33. Rc4 Be1
34. Rc7+ Kh8 35. Kh3 Rd2 36. Rd7 Rxf2 37. Kg4 Rxh2 38. Kf5 Rh3 39. g4 Rg3 40.
Be6 1-0

[Event "MTO-2021"]
[Site "?"]
[Date "2021.??.??"]
[Round "9.106"]
[White "Kantor Gergely"]
[Black "R Praggnanandhaa"]
[Result "1/2-1/2"]
[WhiteElo "2527"]
[BlackElo "2608"]
[PlyCount "56"]
[EventDate "2021.??.??"]
[WhiteTeam "Ungarn"]
[BlackTeam "Indien"]
[WhiteTeamCountry "HUN"]
[BlackTeamCountry "IND"]

1. d4 Nf6 2. c4 e6 3. Nf3 a6 4. Nc3 d5 5. cxd5 exd5 6. Bg5 Be6 7. Bxf6 Qxf6 8.
Qb3 Ra7 9. g3 Bd6 10. Bg2 Qd8 11. O-O O-O 12. Qc2 Nd7 13. e4 dxe4 14. Nxe4 Nf6
15. Ne5 Nxe4 16. Bxe4 g6 17. f4 c5 18. f5 gxf5 19. Bxf5 Bxe5 20. dxe5 Qd4+ 21.
Rf2 Qxe5 22. Bxe6 fxe6 23. Rxf8+ Kxf8 24. Qxh7 Qd4+ 25. Kh1 Qd5+ 26. Kg1 Qd4+
27. Kh1 Qd5+ 28. Kg1 Qd4+ 1/2-1/2

[Event "MTO-2021"]
[Site "?"]
[Date "2021.??.??"]
[Round "9.107"]
[White "Kalyan Arjun"]
[Black "Ganguly Surya Shekhar"]
[Result "0-1"]
[WhiteElo "2503"]
[BlackElo "2625"]
[PlyCount "164"]
[EventDate "2021.??.??"]
[WhiteTeam "Indien"]
[BlackTeam "Indien"]
[WhiteTeamCountry "IND"]
[BlackTeamCountry "IND"]

1. e4 e5 2. Nf3 Nc6 3. Bc4 Nf6 4. d3 h6 5. c3 d6 6. O-O g5 7. Nbd2 Bg7 8. Bb3
a5 9. a4 O-O 10. Nc4 d5 11. Ncxe5 dxe4 12. dxe4 Nxe5 13. Nxe5 Qxd1 14. Bxd1
Nxe4 15. Re1 Bxe5 16. Rxe4 f6 17. Bb3+ Kg7 18. Re1 Bf5 19. Be3 Rad8 20. Rad1 b6
21. f3 Rxd1 22. Rxd1 Re8 23. Bf2 h5 24. Re1 Rd8 25. Rd1 Rxd1+ 26. Bxd1 h4 27.
g3 h3 28. Be3 Bd6 29. Kf2 Kg6 30. Be2 Bc2 31. Bf1 Bxa4 32. Bxh3 c5 33. Be6 Bc6
34. Ke2 f5 35. h4 f4 36. gxf4 gxh4 37. Bf2 Be7 38. Bh3 a4 39. f5+ Kg7 40. Be3
Kf6 41. Bf2 Ke5 42. Be3 Bf6 43. Bh6 Bd7 44. f4+ Kd6 45. Bf8+ Kc7 46. Bh6 Kd8
47. Bf8 Bb5+ 48. Ke3 Kd7 49. Kd2 Bc6 50. Kd3 Bh1 51. Kd2 Bd5 52. Kd3 Bb3 53.
Kd2 Bc4 54. Kc2 Bd5 55. Kd2 Ke8 56. Bd6 Be7 57. Be5 Kf7 58. Ke3 Bf6 59. Bg4 b5
60. Bh3 b4 61. cxb4 cxb4 62. Kd2 Be4 63. Kc1 Ke7 64. Kd2 Bb1 65. Kc1 Bd3 66.
Kd2 Be4 67. Kc1 b3 68. Bf1 Bxf5 69. Bg2 h3 70. Bd5 Bxe5 71. fxe5 Bd3 72. Bf3
Bf1 73. Bg4 Bg2 74. Bxh3 Bxh3 75. Kb1 Ke6 76. Ka1 Kxe5 77. Kb1 Kd4 78. Ka1 Kd3
79. Kb1 Kd2 80. Ka1 a3 81. Kb1 Bf5+ 82. Ka1 Kc1 0-1

[Event "MTO-2021"]
[Site "?"]
[Date "2021.??.??"]
[Round "9.108"]
[White "Narayanan S.L."]
[Black "Wagner Dennis"]
[Result "1/2-1/2"]
[WhiteElo "2624"]
[BlackElo "2572"]
[PlyCount "71"]
[EventDate "2021.??.??"]
[WhiteTeam "Indien"]
[BlackTeam "Deutschland"]
[WhiteTeamCountry "IND"]
[BlackTeamCountry "GER"]

1. Nf3 Nf6 2. c4 c5 3. Nc3 e6 4. g3 b6 5. Bg2 Bb7 6. O-O Be7 7. d4 cxd4 8. Qxd4
d6 9. b3 O-O 10. Rd1 Nbd7 11. e4 a6 12. Qe3 Qc7 13. Nd4 Rfe8 14. Bb2 Rac8 15.
h3 Bf8 16. Re1 Qb8 17. Rad1 Ba8 18. Kh1 Nc5 19. f4 d5 20. cxd5 exd5 21. e5 Nfe4
22. Nde2 Red8 23. Rf1 Nxc3 24. Nxc3 d4 25. Rxd4 Rxd4 26. Qxd4 Rd8 27. Qe3 Rd3
28. Qf2 h5 29. h4 Qd8 30. Bxa8 Qxa8+ 31. Kh2 b5 32. b4 Ne4 33. Nxe4 Qxe4 34. a3
a5 35. bxa5 Bxa3 36. Re1 1/2-1/2

[Event "MTO-2021"]
[Site "?"]
[Date "2021.??.??"]
[Round "9.109"]
[White "Raja Harshit"]
[Black "Fedorchuk Sergey"]
[Result "0-1"]
[WhiteElo "2484"]
[BlackElo "2598"]
[PlyCount "70"]
[EventDate "2021.??.??"]
[WhiteTeam "Indien"]
[BlackTeam "Ukraine"]
[WhiteTeamCountry "IND"]
[BlackTeamCountry "UKR"]

1. e4 c5 2. Nf3 e6 3. d4 cxd4 4. Nxd4 Nc6 5. Nc3 d6 6. g3 Bd7 7. Bg2 Nf6 8. O-O
h6 9. b3 a6 10. Re1 Be7 11. Bb2 Rc8 12. Nce2 b5 13. Nxc6 Bxc6 14. Nd4 Bd7 15.
f4 O-O 16. h3 Qb6 17. Kh2 Rc7 18. Re2 Rfc8 19. Qd3 Nh7 20. Rf1 b4 21. a4 Be8
22. Ref2 Bf6 23. a5 Qxa5 24. Ra1 Qc5 25. Rd2 a5 26. Re1 Nf8 27. Ba1 Qb6 28. Qe2
a4 29. bxa4 Bxa4 30. Rb1 Qa5 31. Nb3 Bxb3 32. Bxf6 Ba2 33. Qg4 Ng6 34. f5 Bxb1
35. fxg6 gxf6 0-1

[Event "MTO-2021"]
[Site "?"]
[Date "2021.??.??"]
[Round "9.110"]
[White "Budisavljevic Luka"]
[Black "Dragnev Valentin"]
[Result "1/2-1/2"]
[WhiteElo "2509"]
[BlackElo "2569"]
[PlyCount "247"]
[EventDate "2021.??.??"]
[WhiteTeam "Serbien"]
[BlackTeam "Österreich"]
[WhiteTeamCountry "SRB"]
[BlackTeamCountry "AUT"]

1. d4 d5 2. c4 e6 3. Nf3 a6 4. cxd5 exd5 5. Nc3 c6 6. Qc2 Nf6 7. Bg5 Be6 8. e3
h6 9. Bh4 Bd6 10. Bd3 Nbd7 11. O-O O-O 12. Rfc1 Qc7 13. Bg3 Bxg3 14. hxg3 Rfe8
15. b4 Qd6 16. Na4 Rac8 17. Nc5 Rc7 18. Qb2 Bg4 19. a4 Bxf3 20. gxf3 Nxc5 21.
bxc5 Qd7 22. Kg2 g6 23. Rh1 Kg7 24. Rh4 Rcc8 25. Rah1 h5 26. Rf4 Rcd8 27. Rfh4
Re7 28. Qe2 Ree8 29. Qd1 Qe7 30. Qd2 Qd7 31. Bc2 Qe7 32. Rb1 Rd7 33. Qc3 Red8
34. Rhh1 Rh8 35. Rbe1 Rhd8 36. Re2 Qe6 37. Ree1 Qe7 38. Rh4 Qe6 39. Reh1 Kf8
40. Rd1 Re8 41. Rf4 Kg7 42. Qb2 Nh7 43. e4 Ng5 44. Qc3 dxe4 45. fxe4 Kg8 46.
Qe3 Qe7 47. e5 Qe6 48. Bb3 Qh3+ 49. Kg1 Kg7 50. Bc2 Qe6 51. Rh4 Qe7 52. f4 Ne6
53. f5 Qg5 54. Qf3 Nxc5 55. Rf4 Kh6 56. dxc5 Rxd1+ 57. Bxd1 Rxe5 58. fxg6 fxg6
59. Kh2 Rxc5 60. Rf8 Qe5 61. Rd8 h4 62. Qf4+ Qxf4 63. gxf4 b5 64. Kh3 g5 65.
Rd6+ Kg7 66. fxg5 Rxg5 67. Rxc6 bxa4 68. Rxa6 Rd5 69. Bxa4 Rd4 70. Bc2 Kf7 71.
Bf5 Ke7 72. Bg4 Kd8 73. Rh6 Kc7 74. Kxh4 Rd6 75. Rh7+ Kb6 76. Kg5 Rd5+ 77. Kf4
Rd4+ 78. Kf5 Rc4 79. Bf3 Rc7 80. Rh1 Rc5+ 81. Ke6 Rc3 82. Be4 Kc5 83. Ke5 Rc4
84. Rh8 Rc3 85. Rd8 Rc4 86. Bd5 Rc3 87. Ke4 Rh3 88. Rc8+ Kb4 89. Kd4 Rh4+ 90.
Be4 Rg4 91. Rb8+ Ka4 92. Kd5 Ka3 93. Bd3 Rb4 94. Rh8 Kb3 95. Rh3 Rb8 96. Bc4+
Kc2 97. Kd4 Rd8+ 98. Bd5 Kd2 99. Rh5 Rd7 100. Rh2+ Kd1 101. Ke4 Kc1 102. Bc4
Rd2 103. Rh3 Kb2 104. Bd5 Kc2 105. Rh7 Kc3 106. Rh3+ Kc2 107. Ra3 Kb2 108. Ra4
Kc3 109. Rc4+ Kb3 110. Bf7 Rc2 111. Rc8+ Kb2 112. Rb8+ Kc3 113. Rb3+ Kd2 114.
Kd4 Rc8 115. Rd3+ Ke2 116. Bh5+ Kf2 117. Rd2+ Kg3 118. Rd3+ Kf4 119. Rf3+ Kg5
120. Bf7 Ra8 121. Ke5 Ra5+ 122. Bd5 Rb5 123. Rg3+ Kh5 124. Ke4 1/2-1/2

[Event "MTO-2021"]
[Site "?"]
[Date "2021.??.??"]
[Round "9.111"]
[White "NR Vignesh"]
[Black "Donchenko Alexander"]
[Result "1/2-1/2"]
[WhiteElo "2428"]
[BlackElo "2652"]
[PlyCount "105"]
[EventDate "2021.??.??"]
[WhiteTeam "Indien"]
[BlackTeam "Deutschland"]
[WhiteTeamCountry "IND"]
[BlackTeamCountry "GER"]

1. d4 Nf6 2. c4 e6 3. Nc3 Bb4 4. e3 O-O 5. Bd2 c5 6. a3 Bxc3 7. Bxc3 Ne4 8. Rc1
b6 9. Nf3 Bb7 10. Be2 d6 11. O-O Qe7 12. Be1 f5 13. Nd2 Nf6 14. f3 Nc6 15. Bf2
Kh8 16. Nb1 g5 17. Nc3 Rg8 18. d5 Ne5 19. f4 Neg4 20. Bxg4 Nxg4 21. Qd3 Rg6 22.
Be1 Rag8 23. Rc2 gxf4 24. exf4 Qg7 25. g3 Qd4+ 26. Qxd4+ cxd4 27. Nb5 Ne3 28.
Re2 Nxf1 29. Nxd4 Rc8 30. Kxf1 Ba6 31. b3 exd5 32. Nxf5 dxc4 33. Bc3+ Kg8 34.
b4 Kf8 35. Re7 Re8 36. Rxh7 Bc8 37. Nh6 Re3 38. Bd4 Rd3 39. f5 Rxh6 40. Rxh6
Bxf5 41. Rf6+ Ke7 42. Rxf5 Rxd4 43. Rf4 Rxf4+ 44. gxf4 d5 45. Ke2 d4 46. h4 b5
47. h5 Kf6 48. Kd2 Kf5 49. Ke2 c3 50. Kd3 a6 51. Kc2 Kf6 52. Kd3 Kf5 53. Kc2
1/2-1/2